000 00581nam a2200181Ia 4500
008 151018s9999 xx 000 0 und d
082 _bRBASDV62928
_a891.463
100 _aविजय सावंत
245 _aराणी इस्टेट
250 _b1
260 _b"निखील प्रकाशन, कोल्हापूर"
_c2013
300 _a256
600 _aविजय सावंत
630 _aराणी इस्टेट
700 _aविजय सावंत
730 _aराणी इस्टेट
942 _cBOOK
999 _c1055272
_d1055269